| 000 | 00867nam a22002657a 4500 | ||
|---|---|---|---|
| 003 | OSt | ||
| 005 | 20260428104146.0 | ||
| 008 | 260423b |||||||| |||| 00| 0 eng d | ||
| 020 | _a978-93-49531-85-7 | ||
| 037 | _cReference | ||
| 040 |
_aFEDL _beng _cFEDL |
||
| 041 |
_aeng _heng |
||
| 082 | _a181.4 SHA/RR | ||
| 100 |
_aSharma, Raj Kishore, Ed. _91235179 |
||
| 245 |
_aAncient agronomy to agroindustry: _bBharat's economic backbone/ _cedited by Raj kishore Sharma; Jitender Kumar. |
||
| 260 |
_aNew Delhi _bKitabwale _c2025 |
||
| 300 | _a63p. | ||
| 365 |
_aINR _b190.00 |
||
| 490 | _vV.8 | ||
| 650 |
_aPHILOSOPH OF INDIA _91235510 |
||
| 650 |
_aANCIENT BHARAT- VADIC AGRICULTURAL MANAGEMENT _91235809 |
||
| 700 |
_aJitender Kumar, Ed. _91235213 |
||
| 942 |
_2ddc _cREF _h181.4 SHA/RR _n0 |
||
| 999 |
_c1848416 _d1848416 |
||